| 000 | 00501nam a2200205Ia 4500 | ||
|---|---|---|---|
| 001 | 3328 | ||
| 003 | GE_BSU | ||
| 008 | 181216s||||||||xx |||||||||||||| ||und|| | ||
| 040 | _cGE_BSU | ||
| 080 | _a621.643.001.24 | ||
| 100 | _aАксельрад,Э.Л | ||
| 245 | _aРасчет трубопроводов | ||
| 245 | _cРед.В.Я.Павилайнен | ||
| 260 | _aМ | ||
| 260 | _bМашиностроение | ||
| 260 | _c1972 | ||
| 300 | _a240 стр. | ||
| 300 | _c21см. | ||
| 942 | _cBK | ||
| 999 |
_c37369 _d37369 |
||